000 00332nam a2200145Ia 4500
005 20251222175922.0
008 251222s9999||||xx |||||||||||||| ||spa||
020 _a8422661772
082 _a863/C77
100 _aCook, Robin
245 0 _aEl Contagio
250 _a1ra.ed.
264 _bPlaza&Janés Editores, S.A.
942 _cLIB
999 _c40723
_d40723